Score 0/14 Timer 10:00
0 Plays Today
hint answer % Correct
Loathed CollegeODU
100%
Favorite CollegeUNC
100%
Favorite College to jokeVirginia Tech
100%
Favorite TV showThe Office
80%
Subject TaughtEnglish
80%
Former manager of this bandThe Big Mighty
80%
Went to this High SchoolKempsville
80%
hint answer % Correct
Works at this SchoolLMS
80%
University in the south of the U.S.University Of Georgia
60%
Favorite Basketball TeamCeltics
60%
Favorite Football teamPatriots
60%
Hardworking, Alpha Male, Jackhammer, Merciless, InsatiableDwight K. Schrute
40%
Taught this person how to grow a beardChuck Norris
40%
Favorite BandsBlack Crowes and Dave Matthews Band
20%
Come Together.
Have Fun.
All Virtual.
We all need to come together. Play Sporcle's virtual live trivia to have fun, connect with people, and get your trivia on. Join a live hosted trivia game for your favorite pub trivia experience done virtually. If a virtual private party is more your thing, go here for details.

You're not logged in!

Compare scores with friends on all Sporcle quizzes.
OR
Log In

Sporcle TV

Today on Sporcle TV


Watch our educational content, quiz creation guides, and fun videos on Sporcle TV.

Show Comments

Extras

Created Feb 25, 2011SourceReportNominate

Top Quizzes Today


Score Distribution

Paid Content

Your Account Isn't Verified!

In order to create a playlist on Sporcle, you need to verify the email address you used during registration. Go to your Sporcle Settings to finish the process.

Report this User

Report this user for behavior that violates our Community Guidelines.

Details: